La obra pictórica completa de Toulouse-Lautrec

Enregistré dans:
Détails bibliographiques
Auteurs principaux: Caproni, Giorgio (Auteur), Sugana, G. M (Auteur)
Format: Livre
Langue:espagnol
Publié: Barcelona Noguer 1977
Édition:3a. ed
Collection:Clásicos del Arte, 17
Sujets:
Tags: Ajouter un tag
Pas de tags, Soyez le premier à ajouter un tag!

MARC

LEADER 00000nam a2200000 a 4500
001 UCO4617
003 CL-VaPUC
008 000804e19770000SP |||||||||||||||||spa|d
082 0 4 |a 759.4  |b CAP  |2 21 
100 0 |a Caproni, Giorgio  |e author  |9 449225 
700 0 |a Sugana, G. M  |e author  |9 449226 
245 1 3 |a La obra pictórica completa de Toulouse-Lautrec 
250 |a 3a. ed 
300 |a 128 p 
942 |c BK 
945 |d 20000804 00:00:00  |a crobeson 
260 |a Barcelona  |b Noguer  |c 1977 
600 0 7 |a TOULOUSE-LAUTREC, HENRI DE  |2 CL-VaPUC  |9 267991 
650 0 |a Pintores franceses   |9 340354 
650 0 |a Vida y obra  |9 311871 
650 0 |a Pintura francesa  |9 266122 
583 |a last modification  |c 20000804 00:00:00  |k Rodrigo Vera 
490 0 |a Clásicos del Arte, 17 
999 |c 290643  |d 290641 
952 |0 0  |1 0  |4 0  |6 759_400000000000000_CAP_1977  |7 0  |8 R  |9 340169  |a BIBART  |b BIBART  |d 2019-11-20  |i 1214845  |o 759.4 CAP 1977  |p 1214845  |r 2025-03-13  |w 2019-11-20  |y BK_R  |k ART